1996 1752 1246 1765 1722 1256 1486 1791 1210 1683 1939 1421 1275 1316 1331 1573 1121 1447 1865 1163 1758 1488 1983 1986 1021 1922 1091 1368 1814 1033 1600 1472 1930 1088 1130 1381 1671 1133 1147 1847 1787 1128 1110 1245 1181 1069 1884 1503 1459 1608 1844 1477 1859 1168 1729 1174 1784 1392 1800 1819 1916 1764 1429 1612 1859 1477 1209 1216 1564 1073 1400 1808 1551 1078 1838 1332 1786 1551 1363 1101 1383 1924 1532 1661 1525 1389 1982 1109 1397 1883 1085 1987 1310 1084 1702 1895 1765 1678 1958 BCNSPRNW ULIB Ver.6.0+V

เปลี่ยนเป็นภาษาไทย

Change to English
 แสดงรายละเอียดบรรณานุกรม
  กลับหน้าหลัก

Brief Record : Get Marc (ISO 2709) : E-mail record : QR code < ปิดหน้าต่าง
LEADER : 00000nam 2200000uu 4500
001    13399127194
003     ULIB
008    191021s2561||||th 000 0 tha d
020 ^- ^a9786160622580
050 ^- ^aนว.^bร442บ
100 ^- ^aราตรีนิมิต.
245 10 ^aบุพเพรักร้อยลิขิต /^cราตรีนิมิต.
250 ^- ^aพิมพ์ครั้งที่ 1.
260 ^- ^aกรุงเทพฯ :^bแจ่มใส พับลิชชิ่ง,^c2561
300 ^- ^a450 หน้า.
945    ^p319^l0^i27886
999    ^aกัณชพร จุลอักษร
รายการนี้ยังไม่มีแท็ก
คุณยังไม่ได้ล็อกอิน คุณสามารถมีกิจกรรมร่วมกับเว็บไซต์ได้ แต่ต้องล็อกอินก่อน ::
  ล็อกอิน

รายการสื่อสารสนเทศ

ลำดับที่ ประเภท เลขเรียก/บาร์โค้ด สถานที่ สถานะ
1. วิทยาศาสตร์การแพทย์ และสุขภาพ
วิทยาศาสตร์การแพทย์ และสุขภาพ
นว. ร442บ ฉ.1 
  Barcode: 27886
ห้องสมุดวิทยาเขตนครสวรรค์
►นวนิยาย:l:Fiction
บนชั้น

รายการใกล้เคียง
    ผู้แต่ง [ราตรีนิมิต.]

BibComment


ยังไม่เคยถูกคอมเมนท์

คอมเมนท์ทรัพยากรรายการนี้
  คอมเมนท์: บุพเพรักร้อยลิขิ..


 Copyright 2026. Bcnsprnw @Library